สรุปการบรรยายพิเศษองค์ความรู้ในวงงานสภาที่ปรึกษาเศรษฐกิจและสังคมแห่งชาติ / (ระเบียนเลขที่ 98973)
| 000 -LEADER | |
|---|---|
| fixed length control field | 04549nam a22002537a 4500 |
| 003 - CONTROL NUMBER IDENTIFIER | |
| control field | NALT |
| 005 - DATE AND TIME OF LATEST TRANSACTION | |
| control field | 20250227175922.0 |
| 008 - FIXED-LENGTH DATA ELEMENTS--GENERAL INFORMATION | |
| fixed length control field | 241216b th ||||| |||| 00| 0 tha d |
| 020 ## - INTERNATIONAL STANDARD BOOK NUMBER | |
| International Standard Book Number | 9789748072111 |
| 040 ## - CATALOGING SOURCE | |
| Original cataloging agency | NALT |
| 041 ## - LANGUAGE CODE | |
| Language code of text/sound track or separate title | tha |
| 050 ## - LIBRARY OF CONGRESS CALL NUMBER | |
| Classification number | HC 445 |
| Item number | ส226ส 2551 |
| 110 2# - MAIN ENTRY--CORPORATE NAME | |
| Corporate name or jurisdiction name as entry element | สำนักงานสภาที่ปรึกษาเศรษฐกิจและสังคมแห่งชาติ |
| 9 (RLIN) | 1851 |
| 245 10 - TITLE STATEMENT | |
| Title | สรุปการบรรยายพิเศษองค์ความรู้ในวงงานสภาที่ปรึกษาเศรษฐกิจและสังคมแห่งชาติ / |
| Statement of responsibility, etc. | สำนักงานสภาที่ปรึกษาเศรษฐกิจและสังคมแห่งชาติ |
| 250 ## - EDITION STATEMENT | |
| Edition statement | พิมพ์ครั้งที่ 2. |
| 260 ## - PUBLICATION, DISTRIBUTION, ETC. | |
| Place of publication, distribution, etc. | กรุงเทพฯ : |
| Name of publisher, distributor, etc. | สำนักงานสภาที่ปรึกษาเศรษฐกิจและสังคมแห่งชาติ, |
| Date of publication, distribution, etc. | 2551. |
| 300 ## - PHYSICAL DESCRIPTION | |
| Extent | 350 หน้า : |
| Other physical details | ภาพประกอบ ; |
| Dimensions | 21 ซม. |
| 505 0# - FORMATTED CONTENTS NOTE | |
| Formatted contents note | ความสัมพันธ์ลาว ไทย และการพัฒนาลุ่มแม่น้ำโขง ในด้าน Logjistics และอื่น ๆ / นายเหียม พมมะจัน -- อเสนอแนะในการวางแผนพัฒนากำลังคนในภาพรวมและกำลังคนด้านวิทยาศาสตร์และเทคโนโลยีต่อแผนพัฒนาเศรษฐกิจและสังคมแห่งชาติ ฉบับที่ 10 / รศ.ดร.คุณหญิงสุมณฑา พรหมบุญ -- แผนพัฒนาฯ ฉบับที่ ๑๐ กับการพัฒนาระบบขน ระบบขนส่งมวลชนการเชื่อมโยงกับภูมิภาค / นายเสถียร วงศ์วิเชียร -- การปฏิรูปสื่อเพื่อประโยชน์สาธารณะ / Mr.MJ Kim -- สนามบินสุวรรณภูมิ การยกระดับไทยสู่ศูนย์กลางคมนาคมของภูมิภาค / นายสมชัย สวัสดิผล -- บทบาทของกองบัญชาการทหารสูงสุด / พลเอก บุญสร้าง เนียมประดิษฐ์ -- กฎหมายกับการพัฒนา / นายมีชัย ฤชุพันธุ์ -- นโยบายการพัฒนาเศรษฐกิจและสังคม / พลเอก สุรยุทธ์ จุลานนท์ -- การร่างรัฐธรรมนูญ และความร่วมมือระหว่างสภาร่างรัฐธรรมนูญ กับสภาที่ปรึกษาเศรษฐกิจและสังคมแห่งชาติ / รศ.นรนิติ เศรษฐบุตร -- ความตกลงหุ้นส่วนเศรษฐกิจไทย-ญี่ปุ่น และพระราชบัญญัติประกอบธุรกิจของคนต่างด้าว / นายเกริกไกร จีระแพทย์ -- วัฒนธรรมกับการพัฒนาเศรษฐกิจและสังคมไทย / คุณหญิงไขศรี ศรีอรุณ -- การขับเคลื่อนการปฏิรูปการศึกษาไทย / รศ.ดร.วิจิตร ศรีสอ้าน -- ประชาธิปไตยชุมชนเพื่อความมั่นคงของมนุษย์ / นายแพทย์พลเดช ปิ่นประทีป -- ร่างพระราชบัญญัติสภาการเกษตรแห่งชาติและการแก้ไขปัญหาราคาผลไม้ตกต่ำ / นายธีระ สูตะบุตร. |
| 650 #4 - SUBJECT ADDED ENTRY--TOPICAL TERM | |
| Topical term or geographic name entry element | การจัดการความรู้ |
| 9 (RLIN) | 53283 |
| 650 #4 - SUBJECT ADDED ENTRY--TOPICAL TERM | |
| Topical term or geographic name entry element | นโยบายเศรษฐกิจ |
| Geographic subdivision | ไทย |
| 9 (RLIN) | 9570 |
| 850 ## - HOLDING INSTITUTION | |
| Holding institution | NALT |
| 942 ## - ADDED ENTRY ELEMENTS (KOHA) | |
| Source of classification or shelving scheme | Library of Congress Classification |
| Koha item type | General Book |
| 996 ## - STAFF PROCESSING RECORDS (NALT) | |
| Staff name | phornvitoo |
| Staff type | CATSTF |
| Acquisition or Cataloging date | 2024-12-16 |
| 998 ## - STAFF NAME (NALT) | |
| -- | 3099 |
| -- | พรวิทู โค้วคชาภรณ์ |
| Withdrawn status | Lost status | Source of classification or shelving scheme | Damaged status | Not for loan | Collection code | Home library | Current library | Shelving location | Date acquired | Total Checkouts | Full call number | Barcode | Date last seen | Price effective from | Koha item type |
|---|---|---|---|---|---|---|---|---|---|---|---|---|---|---|---|
| Library of Congress Classification | Senate | National Assembly Library of Thailand | National Assembly Library of Thailand | General Book shelves | 16/12/2024 | HC 445 ส226ส 2551 | 0100011463001 | 16/12/2024 | 16/12/2024 | General Book |
